000 00329 a2200157 4500
001 161529
020 _a
040 _cMagnum
100 _aTeixeira Jr., Luiz Alexandre
240 1 0 _aO engenho colonial
_lpor
245 1 0 _aO engenho colonial
362 0 _a1899
440 1 _aÁtica
697 _aPARADIDATICO
942 _cBK
999 _c161529
_d161529